000 00342nam a22001577a 4500
003 SGT
020 _a9789332505711
082 _a624.1821,MCC
100 _aMCCORMAC,JACK C.
245 _aSTRUCTURAL STEEL DESIGN
250 _a5TH
260 _aCHENNAI
_bPEARSON
_c2017
300 _a736
650 _aCIVIL ENGINEERING
942 _2ddc
_cBK
999 _c18321
_d18321